The client strikes back (Record no. 75446)

MARC details
000 -LEADER
fixed length control field 00973cab a2200193 4500
001 - CONTROL NUMBER
control field L130082
008 - FIXED-LENGTH DATA ELEMENTS--GENERAL INFORMATION
fixed length control field 050621n2005 000 0 eng u
035 ## - SYSTEM CONTROL NUMBER
System control number (Sirsi) u130082
041 ## - LANGUAGE CODE
Language code of text/sound track or separate title eng
100 ## - MAIN ENTRY--PERSONAL NAME
Personal name Hay, George
245 #4 - TITLE STATEMENT
Title The client strikes back
260 ## - PUBLICATION, DISTRIBUTION, ETC.
Date of publication, distribution, etc. 2005
490 ## - SERIES STATEMENT
Series statement Building
Volume/sequential designation 270(8384) 3 June 2005, 26-28(3)
520 ## - SUMMARY, ETC.
Summary, etc. Warns of the potential conflicts caused by the BPF's proposal to give clients their own form of template for dealing with consultants. The clients hope to use the agreement as an industry standard but consultants have not signed whilst the RIBA and the Association of Consulting Engineers are already advising their members to reject it. Both organisations are concerned that the consultants will be liable for increased costs should a project fail.
590 ## - LOCAL NOTE (RLIN)
Local note IKA210605
650 ## - SUBJECT ADDED ENTRY--TOPICAL TERM
Topical term or geographic name entry element BPF CONSULTANCY AGREEMENT
690 ## - LOCAL SUBJECT ADDED ENTRY--TOPICAL TERM (OCLC, RLIN)
Topical term or geographic name as entry element BUILT ENVIRONMENT-BUILDING CONTRACT FORMS-STANDARD FORMS OF BUILDING CONTRACT
942 ## - ADDED ENTRY ELEMENTS (KOHA)
Suppress in OPAC 0
Holdings
Withdrawn status Lost status Source of classification or shelving scheme Damaged status Not for loan Home library Current library Shelving location Date acquired Total Checkouts Full call number Barcode Date last seen Copy number Price effective from Koha item type
    Dewey Decimal Classification     London London Journal article 21/06/2005   L130082 130082-1001 06/08/2019 1 06/08/2019 Journal article